Städte Mazedoniens - Statistiken

Allgemein
  • Dieses Quiz wurde 50 mal gespielt
  • Das Durchschnittsergebnis liegt bei 10 aus 34
Antwortstatistiken
Bevölkerung Stadt % Korrekt
526'502 Skopje
95%
51'428 Ohrid
68%
84'770 Tetovo
61%
98'104 Kumanovo
58%
85'164 Bitola
50%
39'669 Kicevo
47%
59'770 Gostivar
42%
69'025 Prilep
42%
44'866 Stip
42%
50'980 Struga
42%
49'995 Strumica
34%
21'582 Gevgelija
29%
31'602 Kocani
29%
48'463 Veles
29%
10'890 Berovo
26%
24'122 Radovis
26%
15'412 Debar
24%
13'585 Delcevo
24%
18'059 Kriva Palanka
24%
13'417 Probistip
24%
8'385 Krusevo
21%
15'320 Sveti Nikole
21%
7'260 Demir Hisar
18%
35'733 Kavadarci
18%
7'545 Kratovo
18%
6'439 Makedonska Kamenica
18%
14'373 Resen
18%
3'983 Pehcevo
16%
14'475 Vinica
16%
7'339 Bogdanci
11%
3'777 Demir Kapija
11%
5'889 Makedonski Brod
11%
18'194 Negotino
11%
10'508 Valandovo
8%
Keine übereinstimmenden Quizze gefunden
Verteilung der Resultate
Anzahl Personen mit jedem Resultat
Perzentil nach korrekt beantworteten Fragen
Ihre Resultats-Entwicklung
Sie haben dieses Quiz noch nicht gespielt